Mike Meyers' CompTIA network+ : (Record no. 47461)

MARC details
000 -LEADER
fixed length control field 01476cam a2200349 a 4500
001 - CONTROL NUMBER
control field 15727324
005 - DATE AND TIME OF LATEST TRANSACTION
control field 20161125122749.0
007 - PHYSICAL DESCRIPTION FIXED FIELD--GENERAL INFORMATION
fixed length control field co |g|||||||||
008 - FIXED-LENGTH DATA ELEMENTS--GENERAL INFORMATION
fixed length control field 090506s2009 nyua 001 0 eng
010 ## - LIBRARY OF CONGRESS CONTROL NUMBER
LC control number 2009019126
015 ## - NATIONAL BIBLIOGRAPHY NUMBER
National bibliography number GBA914645
Source bnb
016 7# - NATIONAL BIBLIOGRAPHIC AGENCY CONTROL NUMBER
Record control number 014903235
Source Uk
020 ## - INTERNATIONAL STANDARD BOOK NUMBER
International Standard Book Number 9780071614832 (alk. paper)
020 ## - INTERNATIONAL STANDARD BOOK NUMBER
International Standard Book Number 0071614834 (alk. paper)
035 ## - SYSTEM CONTROL NUMBER
System control number (OCoLC)ocn305146457
040 ## - CATALOGING SOURCE
Original cataloging agency DLC
Language of cataloging eng
Transcribing agency DLC
Modifying agency YDX
-- BTCTA
-- BAKER
-- YDXCP
-- UKM
-- VP@
-- DLC
050 00 - LIBRARY OF CONGRESS CALL NUMBER
Classification number TK5105.5
Item number .M49 2009
082 00 - DEWEY DECIMAL CLASSIFICATION NUMBER
Classification number 004.6076
Edition number 22
100 1# - MAIN ENTRY--PERSONAL NAME
Personal name Meyers, Mike,
Dates associated with a name 1961-
245 10 - TITLE STATEMENT
Title Mike Meyers' CompTIA network+ :
Remainder of title guide to managing and troubleshooting networks /
Statement of responsibility, etc Mike Meyers.
246 30 - VARYING FORM OF TITLE
Title proper/short title CompTIA network+
250 ## - EDITION STATEMENT
Edition statement 2nd ed.
260 ## - PUBLICATION, DISTRIBUTION, ETC. (IMPRINT)
Place of publication, distribution, etc New York :
Name of publisher, distributor, etc McGraw-Hill,
Date of publication, distribution, etc c2009.
300 ## - PHYSICAL DESCRIPTION
Extent xix, 570 p. :
Other physical details col. ill. ;
Dimensions 28 cm. +
Accompanying material 1 CD-ROM (4 3/4 in.)
538 ## - SYSTEM DETAILS NOTE
System details note System requirements: Windows 98 or higher, Internet Explorer 5.5 or higher or Firefox with Flash Player, and 30 MB of hard disk space.
650 #0 - SUBJECT ADDED ENTRY--TOPICAL TERM
Topical term or geographic name as entry element Computer networks
General subdivision Examinations
Form subdivision Study guides.
650 #0 - SUBJECT ADDED ENTRY--TOPICAL TERM
Topical term or geographic name as entry element Telecommunications engineers
General subdivision Certification.
650 #0 - SUBJECT ADDED ENTRY--TOPICAL TERM
Topical term or geographic name as entry element Electronic data processing personnel
General subdivision Certification.
906 ## - LOCAL DATA ELEMENT F, LDF (RLIN)
a 7
b cbc
c orignew
d 1
e ecip
f 20
g y-gencatlg
942 ## - ADDED ENTRY ELEMENTS (KOHA)
Source of classification or shelving scheme Library of Congress Classification
Item type Book
Holdings
Withdrawn status Lost status Source of classification or shelving scheme Damaged status Not for loan Collection code Home library Current library Shelving location Date acquired Source of acquisition Cost, normal purchase price Total Checkouts Full call number Barcode Date last borrowed Copy number Price effective from Koha item type
    Library of Congress Classification     Non-fiction Nairobi Campus Nairobi Campus General Circulation 25/11/2016 Donation 500.00 1 TK5105.5 .M49 2009 048727 15/07/2017 1 25/11/2016 Book